000 01286nam0a22002531 4500
001 rc\370389
005 20030307123718.1
035 _a(NLR Aleph) 005601986
090 _a6322532
_c6322532
100 _a20030307d1989 u |0rusy50 ca
101 0 _arus
102 _aRU
105 _ay |||||||||
200 1 _aМЕТОДИЧЕСКИЕ рекомендации по реализации межпредметных связей курса "Общая электротехинка с основами электроники"
_e(Для слушателей ФПК преподавателей ССУЗ)
_fМ-во высш. и сред. спец. образования УССР, Респ. науч.-метод. каб. по сред. спец. образованию
_g[Сост.: И.Л. Гирнык, преп., А.Р. Огорчак, доц.]
210 _aКиев
_cРН МК по ССО
_d1989
215 _a48 с.
_d20
320 _aБиблиогр.: с. 46-47
702 1 _aГирнык
_bИ. Л.
_4220
712 0 2 _aУкраинский респ. науч.-метод. кабинет по среднему специальному образованию
_cКиев
801 0 _aRU
_bNLR
_gpsbo
801 1 _aRU
_bELAR
_2rusmarc
852 _aNLR
_j89-4/20751
942 _cBOOK
980 _aNB